[Event "XXXI Moglianoscacchi A"]
[Site "Mogliano Veneto ITA"]
[Date "2010.05.01"]
[Round "3"]
[White "Laketic, Gojko"]
[Black "Boscolo, Marco"]
[Result "1-0"]
[WhiteElo "2457"]
[BlackElo "2136"]
[PlyCount "195"]
[EventDate "2010.04.30"]

1. d4 Nf6 2. c4 e6 3. Nf3 d5 4. Nc3 Be7 5. Bg5 O-O 6. e3 h6 7. Bh4 b6 8. Bxf6
Bxf6 9. cxd5 exd5 10. Qd2 Be6 11. Rd1 Nd7 12. Bb5 Nb8 13. O-O c6 14. Ba4 b5 15.
Bc2 Nd7 16. Ne2 Re8 17. h3 Nf8 18. Nf4 Rc8 19. Rc1 Qb6 20. Nd3 Nd7 21. b4 Qb8
22. a4 Nb6 23. axb5 cxb5 24. Nc5 Nc4 25. Qd3 g6 26. Ra1 Bf5 27. Qe2 Bxc2 28.
Qxc2 a5 29. bxa5 Rxc5 30. dxc5 Bxa1 31. Rxa1 Qc7 32. Nd4 Qxc5 33. Nb3 Qe7 34.
Rd1 Qb7 35. Qd3 Ra8 36. Qxd5 Qxd5 37. Rxd5 Nxa5 38. Nd4 Nc4 39. Nxb5 Ra1+ 40.
Kh2 Ra2 41. Rd4 Nd2 42. Nc3 Rc2 43. Rd3 Nc4 44. Ne4 Kg7 45. Rd7 Nb6 46. Rb7 Rc6
47. g4 Nc4 48. Rd7 Re6 49. Nc5 Rc6 50. Nd3 Rd6 51. Rxd6 Nxd6 52. Kg3 Kf6 53.
Nf4 Ne4+ 54. Kf3 Nc3 55. Ne2 Nb5 56. Kf4 Nc7 57. Nd4 Nd5+ 58. Ke4 Nc3+ 59. Kf3
Ke5 60. Ne2 Nb5 61. Nf4 Nc3 62. h4 g5 63. hxg5 hxg5 64. Ne2 Nb5 65. Ng3 Nc3 66.
Nf5 Nd5 67. Ke2 Nb4 68. f3 Nd5 69. Nh6 f6 70. Nf5 Nb6 71. Nd4 Nd5 72. Nb3 Ne7
73. Nd4 Nd5 74. Kd3 Nb4+ 75. Kc4 Nd5 76. Nf5 Nb6+ 77. Kd3 Nd5 78. Ng3 Nb4+ 79.
Ke2 Nd5 80. Ne4 Nc7 81. Nf2 Ne6 82. Nd3+ Kd5 83. Kd2 Kc4 84. Kc2 Ng7 85. Nb2+
Kd5 86. Kd3 Ke5 87. Nc4+ Ke6 88. Kd4 f5 89. e4 fxg4 90. fxg4 Ne8 91. e5 Nc7 92.
Nd6 Na6 93. Ne4 Nb4 94. Nxg5+ Ke7 95. Ke4 Nc6 96. Nf3 Nd8 97. Nd4 Nf7 98. Kf4
1-0

[Event "XXXI Moglianoscacchi A"]
[Site "Mogliano Veneto ITA"]
[Date "2010.05.01"]
[Round "3"]
[White "Lavric, Mihail"]
[Black "Quaranta, Cristiano"]
[Result "0-1"]
[WhiteElo "1965"]
[BlackElo "2162"]
[PlyCount "58"]
[EventDate "2010.04.30"]

1. d4 d5 2. c4 c6 3. e3 Nf6 4. Nc3 e6 5. Nf3 Nbd7 6. Bd3 a6 7. O-O dxc4 8. Bxc4
b5 9. Bd3 c5 10. e4 cxd4 11. Nxb5 axb5 12. Bxb5 Qb6 13. Bxd7+ Bxd7 14. e5 Nd5
15. Nxd4 Bc5 16. Nb3 Ba4 17. Qg4 Bxb3 18. Qxg7 Rf8 19. Bh6 Bc2 20. b3 Bg6 21.
Rfc1 Kd7 22. Rd1 Rg8 23. Qf6 Bd4 24. Qf3 Bxa1 25. Rxd5+ exd5 26. Qxd5+ Kc7 27.
Bf4 Qc6 28. e6+ Kb7 29. Qd2 Bc3 0-1

[Event "XXXI Moglianoscacchi A"]
[Site "Mogliano Veneto ITA"]
[Date "2010.05.01"]
[Round "3"]
[White "Meijers, Viesturs"]
[Black "Gromovs, Sergejs"]
[Result "1-0"]
[WhiteElo "2476"]
[BlackElo "2326"]
[PlyCount "43"]
[EventDate "2010.04.30"]

1. Nf3 Nf6 2. c4 g6 3. b3 Bg7 4. Bb2 O-O 5. g3 a5 6. Bg2 a4 7. O-O d6 8. b4 e5
9. d3 Re8 10. a3 e4 11. dxe4 Nxe4 12. Bxg7 Kxg7 13. Nd4 Qf6 14. Ra2 Nc6 15. Nb5
Qd8 16. Qc2 Nf6 17. N1c3 Bf5 18. e4 Be6 19. Nd5 Rc8 20. f4 Bd7 21. Qc3 h5 22.
Rd2 {...} 1-0

[Event "XXXI Moglianoscacchi A"]
[Site "Mogliano Veneto ITA"]
[Date "2010.05.01"]
[Round "3"]
[White "Milazzo, Mario"]
[Black "Mileto, Gabriele"]
[Result "0-1"]
[WhiteElo "2082"]
[BlackElo "2204"]
[PlyCount "94"]
[EventDate "2010.04.30"]

1. c4 c6 2. d4 d5 3. g3 g6 4. Nf3 Nf6 5. Bg2 Bg7 6. O-O O-O 7. Nc3 dxc4 8. e4
b5 9. a3 Bb7 10. h3 Nbd7 11. Be3 Nb6 12. Qc2 a6 13. Rad1 e6 14. Ne5 Nfd7 15. f4
Qc7 16. Nxd7 Nxd7 17. g4 f5 18. d5 exd5 19. exd5 Rae8 20. Rfe1 cxd5 21. Nxd5
Bxd5 22. Bxd5+ Kh8 23. gxf5 gxf5 24. Qf2 Nf6 25. Bb6 Rxe1+ 26. Rxe1 Qd6 27. Bg2
Ne4 28. Bxe4 fxe4 29. Bc5 Qd3 30. Re3 Bd4 31. Bxd4+ Qxd4 32. Kh2 a5 33. Re2
Qxf2+ 34. Rxf2 Kg7 35. Kg3 Rd8 36. f5 Rd3+ 37. Kg4 Kf6 38. a4 b4 39. Rc2 c3 40.
bxc3 Rxc3 41. Rd2 Ke5 42. Rd8 h5+ 43. Kxh5 Kxf5 44. Rd5+ Kf4 45. Rxa5 e3 46.
Rb5 Rb3 47. Rb8 e2 0-1

[Event "XXXI Moglianoscacchi A"]
[Site "Mogliano Veneto ITA"]
[Date "2010.05.01"]
[Round "3"]
[White "Omeri, Silvan"]
[Black "Aleksic, Nenad"]
[Result "1/2-1/2"]
[WhiteElo "2227"]
[BlackElo "2372"]
[PlyCount "38"]
[EventDate "2010.04.30"]

1. e4 c5 2. Nf3 d6 3. d4 cxd4 4. Nxd4 Nf6 5. Nc3 a6 6. Bg5 e6 7. f4 Qb6 8. Qd2
Nc6 9. O-O-O Bd7 10. Nb3 Qc7 11. Kb1 Be7 12. Be2 O-O-O 13. g4 Be8 14. h4 h6 15.
Bxf6 gxf6 16. Bf3 Kb8 17. Nd4 Rc8 18. Nxc6+ Bxc6 19. f5 Qa5 1/2-1/2

[Event "XXXI Moglianoscacchi A"]
[Site "Mogliano Veneto ITA"]
[Date "2010.05.01"]
[Round "3"]
[White "Rogulj, Branko"]
[Black "Gallana, Marco"]
[Result "1/2-1/2"]
[WhiteElo "2431"]
[BlackElo "2047"]
[PlyCount "104"]
[EventDate "2010.04.30"]

1. e4 c6 2. d4 d5 3. exd5 cxd5 4. c4 Nf6 5. Nc3 e6 6. Nf3 Bb4 7. cxd5 Nxd5 8.
Bd2 Nc6 9. Bd3 O-O 10. O-O Be7 11. Be3 b6 12. Nxd5 Qxd5 13. Qb1 Qh5 14. Be4 Bb7
15. Rc1 Rac8 16. Nd2 Na5 17. Qd3 Bxe4 18. Qxe4 Qd5 19. Qxd5 exd5 20. Nf3 Bd6
21. Kf1 Rfe8 22. b3 f6 23. Ke2 Ba3 24. Rxc8 Rxc8 25. Ne1 Nb7 26. Nd3 g5 27. h4
h6 28. Kf3 Kf7 29. hxg5 hxg5 30. g4 Nd6 31. Ke2 Rc2+ 32. Kd1 Rc3 33. Ne1 Rc8
34. Nc2 Bb2 35. Rb1 Bc3 36. b4 a5 37. bxa5 Bxa5 38. Na3 Ne4 39. Nb5 Nc3+ 40.
Nxc3 Rxc3 41. Rb2 Rc4 42. Ke2 Ke6 43. a3 f5 44. f3 f4 45. Bd2 Rxd4 46. Bxa5
bxa5 47. Rb6+ Kf7 48. Rb5 a4 49. Ra5 Ke6 50. Ra6+ Kf7 51. Rd6 Kg7 52. Rd7+ Kf6
1/2-1/2

[Event "XXXI Moglianoscacchi A"]
[Site "Mogliano Veneto ITA"]
[Date "2010.05.01"]
[Round "3"]
[White "Sorbera, Giovanni"]
[Black "Panican, Gheorghe"]
[Result "1-0"]
[WhiteElo "1974"]
[BlackElo "1985"]
[PlyCount "30"]
[EventDate "2010.04.30"]

1. e4 e6 2. d4 d5 3. Nc3 Bb4 4. Nge2 dxe4 5. a3 Bxc3+ 6. Nxc3 f5 7. f3 exf3 8.
Qxf3 Qxd4 9. Bf4 c6 10. Rd1 Qf6 11. Bc4 Ne7 12. O-O Nd7 13. Qh5+ Kd8 14. Bg5 g6
15. Bxf6 gxh5 1-0

[Event "XXXI Moglianoscacchi A"]
[Site "Mogliano Veneto ITA"]
[Date "2010.05.01"]
[Round "3"]
[White "Xhani, Bujar"]
[Black "Seletsky, Grigory"]
[Result "0-1"]
[WhiteElo "2058"]
[BlackElo "2334"]
[PlyCount "74"]
[EventDate "2010.04.30"]

1. c4 c5 2. Nc3 Nf6 3. e4 d6 4. g3 Nc6 5. Bg2 g6 6. d3 Bg7 7. Nge2 O-O 8. O-O
Ne8 9. f4 Nc7 10. f5 Rb8 11. Be3 b5 12. Qd2 Ba6 13. cxb5 Nxb5 14. Bh6 Qa5 15.
Bxg7 Kxg7 16. f6+ exf6 17. Qf4 Qd8 18. Nd5 Nbd4 19. Nxd4 Nxd4 20. Rf2 Bxd3 21.
Nxf6 Ne2+ 22. Rxe2 Bxe2 23. Nd5 Bc4 24. Ne3 Be6 25. Rf1 Rxb2 26. h4 Rxa2 27. h5
h6 28. Rd1 g5 29. Qf1 Qf6 30. Qd3 Ra1 31. Qxd6 Rxd1+ 32. Qxd1 Qd4 33. Qe2 Rb8
34. Kh2 Rb2 35. Qf3 c4 36. Nf5+ Bxf5 37. Qxf5 Rf2 0-1

[Event "XXXI Moglianoscacchi A"]
[Site "Mogliano Veneto ITA"]
[Date "2010.05.02"]
[Round "4"]
[White "Aleksic, Nenad"]
[Black "Quaranta, Cristiano"]
[Result "1/2-1/2"]
[WhiteElo "2372"]
[BlackElo "2162"]
[PlyCount "58"]
[EventDate "2010.04.30"]

1. e4 e6 2. d4 d5 3. Nc3 dxe4 4. Nxe4 Bd7 5. Nf3 Bc6 6. Bd3 Nd7 7. O-O Ngf6 8.
Ng3 Bxf3 9. Qxf3 c6 10. b3 Be7 11. Bb2 O-O 12. c4 Qa5 13. a3 Rfe8 14. Rfd1 Rad8
15. Qe2 Qc7 16. Ne4 Nxe4 17. Bxe4 Bf6 18. Qc2 Nf8 19. Rd2 Rd7 20. Rad1 Red8 21.
g3 Qb6 22. d5 Bxb2 23. Qxb2 exd5 24. cxd5 cxd5 25. Rxd5 Rxd5 26. Bxd5 Ne6 27.
Qc1 g6 28. Bxe6 Rxd1+ 29. Qxd1 Qxe6 1/2-1/2

[Event "XXXI Moglianoscacchi A"]
[Site "Mogliano Veneto ITA"]
[Date "2010.05.02"]
[Round "4"]
[White "Boscolo, Marco"]
[Black "Lavric, Mihail"]
[Result "1-0"]
[WhiteElo "2136"]
[BlackElo "1965"]
[PlyCount "109"]
[EventDate "2010.04.30"]

1. d4 d5 2. c4 dxc4 3. Nf3 Nf6 4. e3 a6 5. Bxc4 e6 6. O-O b5 7. Bd3 c5 8. Qe2
Nc6 9. dxc5 Bxc5 10. Rd1 Qc7 11. a3 Bb7 12. b4 Be7 13. Bb2 O-O 14. Nbd2 Rac8
15. Rac1 Qb8 16. Nb3 e5 17. e4 Rfd8 18. Bb1 Nd7 19. Ba2 Qa8 20. Re1 Kh8 21.
Nbd2 Rf8 22. Nf1 a5 23. bxa5 Qxa5 24. Ra1 Bf6 25. Bd5 Ba6 26. Qd1 Ndb8 27. Ne3
Rce8 28. Qb3 Qb6 29. Ng4 Nd7 30. Rac1 Na5 31. Qa2 Nc4 32. Bc3 Nc5 33. Rb1 Qa7
34. Bb4 h5 35. Nxf6 gxf6 36. a4 Nxa4 37. Bxc4 Rg8 38. Bf1 Rg4 39. Qd2 Rf4 40.
Qe2 Rg8 41. Nxe5 Rg5 42. Nf3 Rgg4 43. Qd3 Qb7 44. h3 Rg8 45. Qe3 Qb8 46. Bd2
Bc8 47. Qxf4 Qxf4 48. Bxf4 Nc3 49. Rbc1 b4 50. Rxc3 bxc3 51. Rc1 Bb7 52. Rxc3
Bxe4 53. Re3 Bd5 54. Bd6 Be6 55. Kh2 1-0

[Event "XXXI Moglianoscacchi A"]
[Site "Mogliano Veneto ITA"]
[Date "2010.05.02"]
[Round "4"]
[White "Curtacci, Sergio"]
[Black "Sorbera, Giovanni"]
[Result "1-0"]
[WhiteElo "1997"]
[BlackElo "1974"]
[PlyCount "87"]
[EventDate "2010.04.30"]

1. d4 Nf6 2. Nf3 g6 3. Nbd2 d6 4. e4 Bg7 5. Bd3 Nbd7 6. O-O e5 7. c3 O-O 8. Re1
c6 9. a4 Qa5 10. Qc2 Qc7 11. Nc4 Re8 12. dxe5 dxe5 13. h3 Nc5 14. Be3 Bf8 15.
Bg5 Nfd7 16. Bf1 Ne6 17. Be3 b5 18. Ncd2 Rb8 19. Rec1 Bc5 20. Bxc5 Ndxc5 21.
axb5 cxb5 22. b4 Na4 23. Bxb5 Nxc3 24. Bxe8 Ne2+ 25. Kh2 Nxc1 26. Qxc7 Nxc7 27.
Bxf7+ Kxf7 28. Rxc1 Ne6 29. Nxe5+ Kf6 30. Ng4+ Ke7 31. Rb1 a5 32. bxa5 Ra8 33.
Nb3 Ba6 34. Ne3 Rb8 35. Nd5+ Kd6 36. Nb6 Bb5 37. Rd1+ Kc7 38. Nd4 Nxd4 39. Rxd4
Kb7 40. Rd6 Re8 41. Nd5 Ba4 42. f3 Rc8 43. Nb6 Rc7 44. Nxa4 1-0

[Event "XXXI Moglianoscacchi A"]
[Site "Mogliano Veneto ITA"]
[Date "2010.05.02"]
[Round "4"]
[White "Dragojlovic, Andjelko"]
[Black "Rogulj, Branko"]
[Result "1-0"]
[WhiteElo "2422"]
[BlackElo "2431"]
[PlyCount "99"]
[EventDate "2010.04.30"]

1. e4 Nf6 2. Nc3 e5 3. Bc4 Nc6 4. d3 Bc5 5. Bg5 h6 6. Bh4 a6 7. a3 d6 8. Nd5 g5
9. Bg3 h5 10. h4 g4 11. b4 Ba7 12. c3 Nxd5 13. Bxd5 Ne7 14. Ba2 f5 15. f4 Rf8
16. Ne2 Ng6 17. Qd2 Qf6 18. fxe5 dxe5 19. exf5 Bxf5 20. O-O-O O-O-O 21. d4 Qc6
22. d5 Qb6 23. Be1 Bd7 24. c4 Ba4 25. c5 Qf6 26. Nc3 Bxd1 27. Kxd1 e4 28. Bb1
b6 29. Nxe4 Qa1 30. Nc3 bxc5 31. Qc1 cxb4 32. axb4 Rxd5+ 33. Nxd5 Qe5 34. Bxg6
Qxd5+ 35. Qd2 Qe6 36. Bd3 Be3 37. Qc3 Qd5 38. Bg3 Bb6 39. Re1 Rd8 40. Kc2 Qa2+
41. Kc1 Kb8 42. Re7 Rc8 43. Re2 Qd5 44. Qc4 Qd7 45. Qxa6 Qd4 46. Be4 Qc3+ 47.
Kb1 Qxb4+ 48. Rb2 Qxe4+ 49. Ka1 Qd4 50. Qxb6+ {...} 1-0

[Event "XXXI Moglianoscacchi A"]
[Site "Mogliano Veneto ITA"]
[Date "2010.05.02"]
[Round "4"]
[White "Gallana, Marco"]
[Black "Xhani, Bujar"]
[Result "1-0"]
[WhiteElo "2047"]
[BlackElo "2058"]
[PlyCount "87"]
[EventDate "2010.04.30"]

1. d4 d6 2. c4 g6 3. Nc3 Bg7 4. e4 c6 5. Be3 Qc7 6. Qd2 a6 7. a4 Nd7 8. f3 Rb8
9. Rb1 e5 10. Nge2 Ne7 11. dxe5 dxe5 12. b4 O-O 13. Nc1 Rd8 14. Qf2 b6 15. Nb3
Nf8 16. a5 bxa5 17. bxa5 Qd7 18. Bb6 Re8 19. Na4 Ne6 20. Nac5 Nxc5 21. Nxc5 Qd6
22. Be2 f5 23. O-O Rf8 24. Rbd1 Qf6 25. Qe3 g5 26. Qd3 Ra8 27. Qd6 h5 28. Qxf6
Bxf6 29. Rd6 Kf7 30. Rfd1 Rg8 31. Nd7 Bxd7 32. Rxd7 g4 33. c5 Kg6 34. fxg4 fxg4
35. g3 Rgf8 36. Kg2 Kg5 37. R1d6 Rae8 38. Bxa6 h4 39. gxh4+ Kxh4 40. Rd8 Rxd8
41. Rxd8 Rf7 42. Bc4 Rg7 43. Rd6 Bg5 44. a6 1-0

[Event "XXXI Moglianoscacchi A"]
[Site "Mogliano Veneto ITA"]
[Date "2010.05.02"]
[Round "4"]
[White "Jurkovic, Ante"]
[Black "Gromovs, Sergejs"]
[Result "1-0"]
[WhiteElo "2330"]
[BlackElo "2326"]
[PlyCount "153"]
[EventDate "2010.04.30"]

1. e4 c5 2. Nf3 d6 3. d4 cxd4 4. Nxd4 Nf6 5. Nc3 a6 6. Be3 e5 7. Nde2 Ng4 8.
Nd5 Nxe3 9. Nxe3 Be6 10. Nc3 Nd7 11. Bc4 Rc8 12. Bb3 Nc5 13. O-O g6 14. Qf3 Be7
15. Rad1 O-O 16. Rd2 Kg7 17. Rfd1 Bxb3 18. axb3 Ne6 19. Qg3 Kh8 20. Ncd5 Bh4
21. Qg4 h5 22. Qe2 Nd4 23. Qd3 Bg5 24. b4 Bh6 25. c3 Ne6 26. Qe2 Qh4 27. f3 f5
28. g3 Qg5 29. Ng2 Rf7 30. Nb6 Rc6 31. exf5 Qxf5 32. Rxd6 Ng5 33. Nh4 Nxf3+ 34.
Nxf3 Qxf3 35. Qxf3 Rxf3 36. Rxc6 Be3+ 37. Kh1 bxc6 38. Nc4 Kg7 39. Nxe5 Rf2 40.
Nc4 Bg5 41. h4 Bh6 42. Rd6 Re2 43. Rxc6 g5 44. hxg5 Bxg5 45. Rxa6 Bf6 46. Rd6
Kg6 47. Rd2 Re4 48. Nb6 Be5 49. Rd3 Re1+ 50. Kg2 Kf5 51. Nc4 Bb8 52. b5 Re4 53.
b3 h4 54. gxh4 Rxh4 55. Rd5+ Ke6 56. Rd8 Bc7 57. Rd3 Bb8 58. b6 Ke7 59. Kf3 Rh5
60. Ke4 Rg5 61. Rd5 Rg3 62. Kd4 Rh3 63. Na5 Bd6 64. b7 Rh4+ 65. Kd3 Bc7 66.
Nc6+ Ke6 67. Rd4 Rh8 68. Kc4 Rg8 69. b4 Bh2 70. Kb5 Bc7 71. c4 Bh2 72. c5 Rg7
73. Kc4 Rg8 74. b5 Rh8 75. b6 Rg8 76. Kb5 Rh8 77. Rd8 1-0

[Event "XXXI Moglianoscacchi A"]
[Site "Mogliano Veneto ITA"]
[Date "2010.05.02"]
[Round "4"]
[White "Klundt, Klaus"]
[Black "Meijers, Viesturs"]
[Result "0-1"]
[WhiteElo "2353"]
[BlackElo "2476"]
[PlyCount "50"]
[EventDate "2010.04.30"]

1. e4 c5 2. Nf3 b6 3. d4 cxd4 4. Nxd4 Bb7 5. Nc3 a6 6. Bd3 d6 7. O-O Nd7 8. f4
g6 9. Be3 Bg7 10. Qe2 Ngf6 11. Kh1 O-O 12. Rad1 b5 13. a3 Qc7 14. Nf3 Nc5 15.
Bd2 e6 16. Be1 Rfe8 17. Bh4 Nh5 18. Qd2 Rac8 19. f5 exf5 20. exf5 d5 21. fxg6
fxg6 22. Ng5 d4 23. Ne2 Nxd3 24. cxd3 Qc2 25. Rfe1 Bf6 0-1

[Event "XXXI Moglianoscacchi A"]
[Site "Mogliano Veneto ITA"]
[Date "2010.05.02"]
[Round "4"]
[White "Laketic, Gojko"]
[Black "Kizov, Atanas"]
[Result "1/2-1/2"]
[WhiteElo "2457"]
[BlackElo "2398"]
[PlyCount "25"]
[EventDate "2010.04.30"]

1. c4 e5 2. Nc3 Nc6 3. g3 Bc5 4. Bg2 d6 5. d3 Nge7 6. a3 a6 7. e3 Ba7 8. Nge2
O-O 9. O-O Bf5 10. h3 Rb8 11. b4 Qd7 12. Kh2 b5 13. cxb5 1/2-1/2

[Event "XXXI Moglianoscacchi A"]
[Site "Mogliano Veneto ITA"]
[Date "2009.05.02"]
[Round "4"]
[White "Milazzo, Mario"]
[Black "Castellano, Alfonso"]
[Result "1-0"]
[WhiteElo "2082"]
[BlackElo "1939"]
[PlyCount "59"]
[EventDate "2010.04.30"]

1. c4 e5 2. Nc3 c6 3. Nf3 d6 4. d4 Qc7 5. e4 a6 6. Be2 Nf6 7. O-O Bg4 8. Be3
Nbd7 9. Nd2 Bxe2 10. Qxe2 Be7 11. d5 c5 12. a3 O-O 13. Rac1 Rfe8 14. g4 Nf8 15.
g5 N6d7 16. Qg4 Rab8 17. a4 f6 18. h4 fxg5 19. hxg5 Bd8 20. Kg2 Ng6 21. Rh1
Ndf8 22. Rcf1 Qf7 23. Ne2 Qd7 24. Qh5 Qxa4 25. f4 exf4 26. Nxf4 Nxf4+ 27. Rxf4
g6 28. Rxf8+ Kxf8 29. Qxh7 Ba5 30. Rf1# 1-0

[Event "XXXI Moglianoscacchi A"]
[Site "Mogliano Veneto ITA"]
[Date "2010.05.02"]
[Round "4"]
[White "Mileto, Gabriele"]
[Black "Franciosi, Fausto"]
[Result "0-1"]
[WhiteElo "2204"]
[BlackElo "1964"]
[PlyCount "62"]
[EventDate "2010.04.30"]

1. c4 Nf6 2. Nc3 g6 3. e4 d6 4. d4 Bg7 5. Be2 O-O 6. Nf3 e5 7. O-O Nc6 8. d5
Ne7 9. Ne1 Nd7 10. Nd3 f5 11. Bd2 Nf6 12. f3 f4 13. c5 g5 14. Rc1 Ng6 15. cxd6
cxd6 16. Nb5 Rf7 17. Qc2 Ne8 18. a4 h5 19. Nf2 Bf8 20. Qb3 Nf6 21. h3 Rg7 22.
Rc2 Nh4 23. Rfc1 g4 24. hxg4 hxg4 25. fxg4 Nxg4 26. Rxc8 Qb6 27. Bxg4 Rxg4 28.
Kf1 Rxg2 29. Be1 Rxc8 30. Rxc8 Qe3 31. Rc3 31... Qb6 {...} 0-1

[Event "XXXI Moglianoscacchi A"]
[Site "Mogliano Veneto ITA"]
[Date "2010.05.02"]
[Round "4"]
[White "Seletsky, Grigory"]
[Black "Omeri, Silvan"]
[Result "1-0"]
[WhiteElo "2334"]
[BlackElo "2227"]
[PlyCount "127"]
[EventDate "2010.04.30"]

1. e4 c5 2. Nc3 Nc6 3. Nf3 g6 4. d4 cxd4 5. Nxd4 Bg7 6. Be3 d6 7. Qd2 Nf6 8. f3
O-O 9. g4 Bd7 10. O-O-O Nxd4 11. Bxd4 Qa5 12. Kb1 Rfe8 13. h4 b5 14. Nxb5 Qd8
15. h5 a5 16. hxg6 hxg6 17. Nc3 Bc6 18. Bc4 Qc7 19. Bd5 e6 20. Bxc6 Qxc6 21. g5
Nh5 22. Bxg7 Kxg7 23. Qxd6 Qxd6 24. Rxd6 Rec8 25. Na4 Rab8 26. Nb6 Rc7 27. b3
Rbb7 28. e5 Rc3 29. Nd7 Rxf3 30. Nf6 Rb8 31. Ra6 Rg3 32. Rxa5 Rxg5 33. Ne4 Rf5
34. Nd6 Rf3 35. a4 Nf4 36. Rb5 Ra8 37. Rb7 Ne2 38. Re1 Nc3+ 39. Kb2 g5 40. Rg1
Kg6 41. Nxf7 Nxa4+ 42. bxa4 Rxf7 43. Rxf7 Kxf7 44. Rxg5 Rxa4 45. Kc3 Re4 46.
Kd3 Rh4 47. c4 Ke7 48. Kc3 Rh8 49. Rg7+ Kf8 50. Ra7 Rh1 51. Kb4 Re1 52. Kc5
Rxe5+ 53. Kd6 Re1 54. c5 Ke8 55. c6 Rd1+ 56. Kxe6 Re1+ 57. Kd6 Rd1+ 58. Kc7 Rb1
59. Ra2 Re1 60. Rd2 Ke7 61. Kc8 Rc1 62. c7 Rb1 63. Rd7+ Ke6 64. Kd8 1-0

[Event "XXXI Moglianoscacchi A"]
[Site "Mogliano Veneto ITA"]
[Date "2010.05.02"]
[Round "5"]
[White "Aleksic, Nenad"]
[Black "Dragojlovic, Andjelko"]
[Result "1-0"]
[WhiteElo "2372"]
[BlackElo "2422"]
[PlyCount "30"]
[EventDate "2010.04.30"]

1. e4 c5 2. Nf3 g6 3. d4 cxd4 4. Nxd4 Bg7 5. Nc3 Nc6 6. Be3 Nf6 7. Bc4 Qa5 8.
O-O O-O 9. Bb3 d6 10. h3 Bd7 11. Re1 Rac8 12. Nd5 Nxd5 13. exd5 Nxd4 14. Bxd4
Bxd4 15. Qxd4 15... Rfe8 {...} 1-0

[Event "XXXI Moglianoscacchi A"]
[Site "Mogliano Veneto ITA"]
[Date "2010.05.02"]
[Round "5"]
[White "Franciosi, Fausto"]
[Black "Laketic, Gojko"]
[Result "1/2-1/2"]
[WhiteElo "1964"]
[BlackElo "2457"]
[PlyCount "26"]
[EventDate "2010.04.30"]

1. d4 e6 2. c4 f5 3. Nf3 Nf6 4. g3 d5 5. Bg2 c6 6. O-O Bd6 7. b3 Qe7 8. Bb2 b6
9. Nbd2 Bb7 10. Ne5 O-O 11. Qc2 Nbd7 12. Rac1 Rac8 13. e3 Bxe5 1/2-1/2

[Event "XXXI Moglianoscacchi A"]
[Site "Mogliano Veneto ITA"]
[Date "2010.05.02"]
[Round "5"]
[White "Gromovs, Sergejs"]
[Black "Gallana, Marco"]
[Result "0-1"]
[WhiteElo "2326"]
[BlackElo "2047"]
[PlyCount "54"]
[EventDate "2010.04.30"]

1. d4 Nf6 2. Nf3 g6 3. c4 Bg7 4. Nc3 d5 5. cxd5 Nxd5 6. e4 Nxc3 7. bxc3 c5 8.
Rb1 Nc6 9. d5 Ne5 10. Nxe5 Bxe5 11. Qd2 O-O 12. f4 Bc7 13. Be2 e6 14. O-O exd5
15. exd5 Ba5 16. f5 Bxf5 17. Rxb7 Qd6 18. Qh6 Qxd5 19. Rb3 c4 20. Rf4 cxb3 21.
Rh4 Bb6+ 22. Kf1 Rfd8 23. Bg5 Qe5 24. Qxh7+ Kf8 25. Qh6+ Ke8 26. g4 b2 27. Qh8+
Qxh8 0-1

[Event "XXXI Moglianoscacchi A"]
[Site "Mogliano Veneto ITA"]
[Date "2009.05.02"]
[Round "5"]
[White "Kizov, Atanas"]
[Black "Klundt, Klaus"]
[Result "0-1"]
[WhiteElo "2398"]
[BlackElo "2353"]
[PlyCount "100"]
[EventDate "2010.04.30"]

1. d4 Nf6 2. c4 c6 3. Nc3 d5 4. cxd5 cxd5 5. Bf4 Nc6 6. e3 Bf5 7. Nf3 e6 8. Qb3
Bb4 9. Bb5 O-O 10. Bxc6 Bxc3+ 11. Qxc3 Rc8 12. Ne5 Ng4 13. Nxg4 Bxg4 14. Qa3
Rxc6 15. Qxa7 Qa8 16. Qxa8 Rxa8 17. O-O f6 18. a3 Rb6 19. b4 Be2 20. Rfc1 Bc4
21. e4 Rba6 22. exd5 exd5 23. Rc3 Ra4 24. Bd6 R4a6 25. Bc5 Rc6 26. b5 Bxb5 27.
Re3 b6 28. Bb4 Rc4 29. Rd1 Ba4 30. Rdd3 Bc2 31. h3 Bxd3 32. Rxd3 Kf7 33. g4 h5
34. Kg2 hxg4 35. hxg4 Re8 36. Kg3 Re4 37. Bc3 g5 38. Kf3 Kg6 39. Kg3 Re2 40.
Kg2 Ra2 41. Bb4 Rcc2 42. Rf3 Rd2 43. Rf5 Rxd4 44. Kg3 Rf4 45. Rxf4 gxf4+ 46.
Kf3 f5 47. gxf5+ Kxf5 48. Bd6 b5 49. Bxf4 Rxa3+ 50. Be3 Ra2 0-1

[Event "XXXI Moglianoscacchi A"]
[Site "Mogliano Veneto ITA"]
[Date "2010.05.02"]
[Round "5"]
[White "Lavric, Mihail"]
[Black "Milazzo, Mario"]
[Result "1/2-1/2"]
[WhiteElo "1965"]
[BlackElo "2082"]
[PlyCount "132"]
[EventDate "2010.04.30"]

1. d4 f5 2. e4 fxe4 3. Nc3 Nf6 4. f3 d5 5. fxe4 dxe4 6. Bc4 Bf5 7. Nge2 Nc6 8.
O-O Qd7 9. d5 Ne5 10. Bb3 O-O-O 11. Qd4 Neg4 12. Qxa7 Qd6 13. Qa8+ Kd7 14. Ba4+
c6 15. Qxb7+ Ke8 16. Qxc6+ Bd7 17. Qxd6 exd6 18. Bxd7+ Kxd7 19. h3 Ne5 20. Ng3
Rc8 21. Bg5 Be7 22. Bxf6 Bxf6 23. Ngxe4 Nc4 24. Nxf6+ gxf6 25. Na4 Rcf8 26. Rf4
Ne3 27. Rf2 f5 28. b3 f4 29. c4 Rhg8 30. Kh1 Rg3 31. c5 Rfg8 32. Rg1 Nxd5 33.
Nb6+ Nxb6 34. cxb6 Kc6 35. Kh2 Kxb6 36. Rxf4 d5 37. Rf7 d4 38. Rxh7 d3 39. Rd7
Kc6 40. Rd4 Kc5 41. Rc4+ Kd5 42. Rcc1 Ke4 43. a4 d2 44. Rcd1 Ke3 45. b4 Ke2 46.
b5 Rxg2+ 47. Rxg2+ Rxg2+ 48. Kxg2 Kxd1 49. b6 Ke2 50. b7 d1=Q 51. b8=Q Qf1+ 52.
Kg3 Qf3+ 53. Kh4 Qf6+ 54. Kg4 Qf3+ 55. Kg5 Qg2+ 56. Kf6 Qc6+ 57. Ke7 Qxa4 58.
Qg3 Qe4+ 59. Kf6 Qd4+ 60. Kf5 Qd7+ 61. Kg6 Qe8+ 62. Kh7 Qf7+ 63. Kh6 Qf6+ 64.
Qg6 Qh8+ 65. Qh7 Qxh7+ 66. Kxh7 Kf3 1/2-1/2

[Event "XXXI Moglianoscacchi A"]
[Site "Mogliano Veneto ITA"]
[Date "2010.05.02"]
[Round "5"]
[White "Omeri, Silvan"]
[Black "Boscolo, Marco"]
[Result "0-1"]
[WhiteElo "2227"]
[BlackElo "2136"]
[PlyCount "76"]
[EventDate "2010.04.30"]

1. e4 e6 2. g3 d5 3. Bg2 dxe4 4. Bxe4 Nf6 5. Bg2 Bc5 6. Ne2 e5 7. O-O O-O 8. d3
c6 9. Nd2 Bf5 10. Nc4 Re8 11. Be3 Nbd7 12. h3 Qc7 13. Bxc5 Nxc5 14. b4 Ncd7 15.
a4 Rad8 16. b5 Nb8 17. Rb1 Be6 18. b6 axb6 19. Nxb6 Nbd7 20. Nxd7 Qxd7 21. Qc1
Bxh3 22. Rb4 Bxg2 23. Kxg2 e4 24. d4 Nd5 25. Rb3 b5 26. axb5 cxb5 27. Rb1 b4
28. Rh1 Qg4 29. Qe1 Rc8 30. Rh4 Qg6 31. Qd2 Qc6 32. Qg5 e3 33. f3 Qc4 34. Kf1
Ra8 35. Rh2 Nc3 36. Re1 Nxe2 37. d5 Nd4+ 38. Kg2 Qxc2+ 0-1

[Event "XXXI Moglianoscacchi A"]
[Site "Mogliano Veneto ITA"]
[Date "2010.05.02"]
[Round "5"]
[White "Panican, Gheorghe"]
[Black "Mileto, Gabriele"]
[Result "0-1"]
[WhiteElo "1985"]
[BlackElo "2204"]
[PlyCount "34"]
[EventDate "2010.04.30"]

1. e4 g6 2. a4 Bg7 3. h4 d6 4. Nh3 Nf6 5. g3 O-O 6. c3 e5 7. Bg2 Nc6 8. a5 a6
9. Na3 Nxa5 10. h5 Be6 11. h6 Bxh6 12. d4 Bxc1 13. Qxc1 h5 14. b4 Nb3 15. Qb2
Nxa1 16. O-O exd4 17. Nf4 Qe7 0-1

[Event "XXXI Moglianoscacchi A"]
[Site "Mogliano Veneto ITA"]
[Date "2010.05.02"]
[Round "5"]
[White "Quaranta, Cristiano"]
[Black "Seletsky, Grigory"]
[Result "0-1"]
[WhiteElo "2162"]
[BlackElo "2334"]
[PlyCount "36"]
[EventDate "2010.04.30"]

1. d4 c5 2. d5 e5 3. e4 d6 4. Bb5+ Nd7 5. a4 Ngf6 6. Nc3 Be7 7. Nf3 O-O 8. O-O
Ne8 9. Qe2 g6 10. Nd2 Bg5 11. g3 f5 12. f4 exf4 13. Nf3 Bh6 14. e5 Nxe5 15.
Nxe5 dxe5 16. Qxe5 a6 17. Bc4 Nd6 18. Ba2 Re8 0-1